Ivan Illich, ó, La escuela sin sociedad / (Record no. 32884)

MARC details
000 -CABECERA
campo de control de longitud fija 00652nam a2200205 a 4500
005 - FECHA Y HORA DE LA ÚLTIMA TRANSACCIÓN
campo de control 20260221063941.0
008 - ELEMENTOS DE LONGITUD FIJA--INFORMACIÓN GENERAL
campo de control de longitud fija 991125s1976 bar 000 0 spa u
020 ## - NÚMERO INTERNACIONAL NORMALIZADO PARA LIBROS
Número Internacional Estándar del Libro 8429712445
035 ## - NÚMERO DE CONTROL DEL SISTEMA
Número de control de sistema UPN01000032884
049 ## - COLECCIÓN
Colección CG
050 #4 - SIGNATURA TOPOGRÁFICA DE LA BIBLIOTECA DEL CONGRESO
Número de clasificación LB885 I4
Número de documento/Ítem H3.58
100 1# - ASIENTO PRINCIPAL--NOMBRE PERSONAL
Nombre de persona Hannoun, Hubert,
Fechas asociadas al nombre 1931-
245 10 - MENCIÓN DE TÍTULO
Título Ivan Illich, ó, La escuela sin sociedad /
Mención de responsabilidad, etc. Hubert Hannoun ; tr. Jaume Fuster.
260 ## - PUBLICACIÓN, DISTRIBUCIÓN, ETC.
Lugar de publicación, distribución, etc. Barcelona, Esp. :
Nombre del editor, distribuidor, etc. Península,
Fecha de publicación, distribución, etc. 1976.
300 ## - DESCRIPCIÓN FÍSICA
Extensión 230 p.
440 #0 - MENCIÓN DE SERIE/ASIENTO SECUNDARIO--TÍTULO
Título Ediciones de bolsillo.
Nombre de parte o sección de la obra Ciencias humanas. Pedagogía ;
-- Pedagogía ;
Designación de volumen o secuencia 493
600 14 - ASIENTO SECUNDARIO DE MATERIA - NOMBRE PERSONAL
Nombre de persona ILLICH, IVAN,
Fechas asociadas al nombre 1926-
650 #4 - ASIENTO SECUNDARIO DE MATERIA - TERMINO TEMATICO
Término de materia o nombre geográfico como elemento de entrada Educación
Subdivisión general Filosofía
9 (RLIN) 4994
905 ## - TIPO DE MATERIAL
Tipo de material Libro
Holdings
Estado de retiro Estado de pérdida Fuente del sistema de clasificación o colocación Estado dañado No para préstamo Código de colección Localización permanente Ubicación/localización actual Ubicación en estantería Fecha de adquisición Total de préstamos Clasificación Código de barras Fecha visto por última vez Fecha del último préstamo Número de copia Tipo de ítem Koha
    Library of Congress Classification     Colección General Bib. Gregorio Torres Quintero Bib. Gregorio Torres Quintero Planta baja 20/02/2023 34 LB885 I4 H3.58 64071 06/12/2023 20/02/2023 1 Libro